Evaluación de riesgos laborales por puesto de trabajo basado en el Acuerdo Ministerial JCHG-000-08-09 para el área de ventas y área de operaciones de la empresa Multiperfiles S.A, distribuidora carretera norte-Managua
El propósito de la investigación es presentar la evaluación de riesgos laborales por puesto de trabajo basada en el acuerdo ministerial JCHG-000-08-09 para el área de ventas y área de operaciones de la empresa Multiperfiles S.A, distribuidora carretera Norte-Managua, con el fin de proteger la s...
| Main Authors: | , |
|---|---|
| Other Authors: | |
| Format: | Tesis Section = Libro |
| Language: | Undetermined Spanish |
| Published: |
Managua
UNI
2019
|
| Subjects: |
| LEADER | 01742nam a2200265Ia 4500 | ||
|---|---|---|---|
| 008 | 240830s9999 xx 000 0 und d | ||
| 040 | |a BIBLIOTECA-RUPAP Mon 658.38 F634 | ||
| 041 | |a spa | ||
| 082 | |a Mon 658.38 F634 | ||
| 100 | 1 | |a Flores Narváez, Cindy Karina | |
| 100 | 1 | |b González Artola, Dayana María | |
| 245 | 1 | 0 | |a Evaluación de riesgos laborales por puesto de trabajo basado en el Acuerdo Ministerial JCHG-000-08-09 para el área de ventas y área de operaciones de la empresa Multiperfiles S.A, distribuidora carretera norte-Managua |
| 260 | |a Managua |b UNI |c 2019 | ||
| 300 | |a 187 p. :il. | ||
| 500 | |a Contiene: anexos y CD. | ||
| 502 | |a Tesis (Ingeniero Industrial)- UNI, 2019. | ||
| 520 | 3 | |a El propósito de la investigación es presentar la evaluación de riesgos laborales por puesto de trabajo basada en el acuerdo ministerial JCHG-000-08-09 para el área de ventas y área de operaciones de la empresa Multiperfiles S.A, distribuidora carretera Norte-Managua, con el fin de proteger la salud de los colaboradores a través de controles en el entorno laboral para reducir los factores de riesgos, así mismo para garantizar la integridad física y psicológica de los trabajadores; siendo preciso desarrollar una adecuada acción preventiva que tenga su inicio en la recolección de información básica y confiable, que permita al colaborador conocer de manera completa los riesgos existentes en su área y actividad de trabajo. | |
| 650 | 7 | |a SEGURIDAD INDUSTRIAL | |
| 650 | 7 | |b SEGURIDAD OCUPACIONAL | |
| 650 | 7 | |c ACCIDENTES DE TRABAJO-PREVENCION | |
| 650 | 7 | |d FABRICAS-MEDIDAS DE SEGURIDAD | |
| 700 | 1 | |a Tutor: |b Vílchez Torres, Marcos Luis | |
| 942 | |c BK |2 ddc | ||
| 991 | |a TESIS | ||
| 999 | |c 17105 | ||